Curbing corruption : toward a model for building national integrity (Record no. 28822)

MARC details
000 -LEADER
fixed length control field 00605nam a2200181Ia 4500
020 ## - INTERNATIONAL STANDARD BOOK NUMBER
ISBN 9780821342572
050 ## - CALL MARK
Classification number JF 1081 .S73/
100 ## - STATEMENT OF RESPONSIBILITY--MAIN AUTHOR NAME
Personal name Edited by Stapenhurst, Rick and Kpundeh, Sahr John.
245 #0 - TITLE STATEMENT
Title Curbing corruption : toward a model for building national integrity
260 ## - PUBLICATION, DISTRIBUTION, ETC. (IMPRINT)
Place of publication Washington, D.C.
260 ## - PUBLICATION, DISTRIBUTION, ETC. (IMPRINT)
Name of publisher World Bank
260 ## - PUBLICATION, DISTRIBUTION, ETC. (IMPRINT)
Year of publication 1999
300 ## - PHYSICAL DESCRIPTION
Number of Pages 254 p
650 ## - SUBJECT ADDED ENTRY--TOPICAL TERM
Topical Term Political corruption. Political corruption--Case studies. Political corruption--Africa, Sub-Saharan--Case studies.
942 ## - ADDED ENTRY ELEMENTS (KOHA)
Koha item type Books
Holdings
Withdrawn status Lost status Source of classification or shelving scheme Damaged status Not for loan Permanent Location Current Location Date acquired Accession Number Price effective from Koha item type
    Library of Congress Classification     NILE UNIVERSITY OF NIGERIA - MAIN LIBRARY NILE UNIVERSITY OF NIGERIA - MAIN LIBRARY 04/23/2025 0194501 04/23/2025 Books